|
|
|
|
| LEADER |
01433nam a2200397Ia 4500 |
| 001 |
EBC1059699 |
| 003 |
MiAaPQ |
| 005 |
20200520144314.0 |
| 006 |
m o d | |
| 007 |
cr cn||||||||| |
| 008 |
120919s2012 dcu sb 001 0 eng d |
| 010 |
|
|
|z 2012036047
|
| 020 |
|
|
|z 9780815722908
|
| 020 |
|
|
|z 9780815722915
|
| 035 |
|
|
|a (MiAaPQ)EBC1059699
|
| 035 |
|
|
|a (Au-PeEL)EBL1059699
|
| 035 |
|
|
|a (CaPaEBR)ebr10623028
|
| 035 |
|
|
|a (CaONFJC)MIL405380
|
| 035 |
|
|
|a (OCoLC)819350131
|
| 040 |
|
|
|a MiAaPQ
|c MiAaPQ
|d MiAaPQ
|
| 043 |
|
|
|a a-cc---
|
| 050 |
|
4 |
|a KNQ2020
|b .H4425 2012
|
| 082 |
0 |
4 |
|a 340/.11
|2 23
|
| 100 |
1 |
|
|a He, Weifang.
|
| 245 |
1 |
0 |
|a In the name of justice
|h [electronic resource] :
|b striving for the rule of law in China /
|c He Weifang.
|
| 260 |
|
|
|a Washington, D.C. :
|b Brookings Institution Press,
|c c2012.
|
| 300 |
|
|
|a xlix, 269 p.
|
| 490 |
1 |
|
|a The Thornton Center Chinese Thinkers series
|
| 504 |
|
|
|a Includes bibliographical references and index.
|
| 533 |
|
|
|a Electronic reproduction. Ann Arbor, MI : ProQuest, 2015. Available via World Wide Web. Access may be limited to ProQuest affiliated libraries.
|
| 650 |
|
0 |
|a Rule of law
|z China.
|
| 650 |
|
0 |
|a Law reform
|z China.
|
| 655 |
|
4 |
|a Electronic books.
|
| 710 |
2 |
|
|a ProQuest (Firm)
|
| 830 |
|
0 |
|a Thornton Center Chinese thinkers series.
|
| 856 |
4 |
0 |
|u https://ebookcentral.proquest.com/lib/matrademy/detail.action?docID=1059699
|z Click to View
|